000 00539nam a2200193Ia 4500
005 20250923150124.0
008 008 250917s9999 xx 000 0 eng d
037 _aTextual
040 _aDSWL
_beng
_cDSWL
041 _aeng
_2eng
084 _qDSWL
100 _aMukherjee, K K
_9842478
245 0 _aEfforts at land reforms in South Asia
_c by K K Mukherjee
260 _aNew Delhi
_b South-South Solidanity India
_c2002
300 _a104p.
700 _a MOHAN RAKESH
_9842479
942 _cTEXL
999 _c1459810
_d1459810